00536nam a22001577a 4500020000800000040001700008082001600025100002600041245009200067250002100159260003100180300003800211942001200249999001900261952009800280 qHB. cFizza Ishaq  a158.55bWIL aUry, William.9133159 aGetting Past No: Negotiating Your Way from Confrontation to Cooperation /cWilliam Ury. aRevised Edition. aNew York :bBantam,c1991. a189 P. ;c20.83 x 14.22 x 2.03 cm 2ddccBK c616180d616180 00102ddc4070aNQCbNQCcGENd2026-02-11l0o158.55 WILpQD-692r2026-02-11w2026-02-11yBK